[Event "Linares 27th"]
[Site "Linares"]
[Date "2010.02.24"]
[Round "10"]
[White "Topalov, Veselin"]
[Black "Gelfand, Boris"]
[Result "1-0"]
[WhiteElo "2805"]
[BlackElo "2761"]
[Annotator "Kritz,L"]
[PlyCount "123"]
[EventDate "2010.02.13"]
[EventType "tourn"]
[EventRounds "10"]
[EventCountry "ESP"]
[EventCategory "21"]
[SourceTitle "CBM 135"]
[Source "ChessBase"]
[SourceDate "2010.03.17"]
[SourceVersion "1"]
[SourceVersionDate "2010.03.17"]
[SourceQuality "1"]

1. e4 e5 2. Nf3 Nf6 3. Nxe5 d6 4. Nf3 Nxe4 5. Nc3 ({Die alte klassische
Spielweise nach} 5. d4 d5 6. Bd3 Nc6 7. O-O Be7 8. c4 Bf5 9. Nc3 Nb4 10. Be2
O-O 11. a3 Nxc3 12. bxc3 Nc6 13. Re1 Re8 14. cxd5 Qxd5 15. Bf4 Rac8 $11 {
führt zu einer Stellung, die mit Hilfe des Computers fast bis zum Ende
ausanalysiert wurde und bei der Ausgleich als Diagnose festgestellt wurde.})
5... Nxc3 (5... d5 $6 {Ein Versuch direkt zu kontern endet mit einem
Misserfolg:} 6. Qe2 Be7 7. Nxe4 dxe4 8. Qxe4 O-O 9. Bc4 Re8 10. Ne5 $1 $18) 6.
dxc3 Be7 7. Be3 (7. Bf4 {ist eine parallele Variante, in der die einfachste
Methode auszugleichen dieselbe ist, wie nach 7.Be3.} Nc6 {Für Schwarz ist der
Plan mit der langen Rochade der sicherste, um Ausgleich zu erzielen.} 8. Qd2
Be6 9. O-O-O Qd7 10. Kb1 (10. h4 h6 11. g3 Bf6 12. Bg2 O-O-O 13. Kb1 Rhe8 14.
Rhe1 Bg4 15. Qd5 Rxe1 16. Rxe1 Re8 $11 {Efimenko - Zhou Jianchao (Al Ain, 2008)
}) 10... O-O-O $1 {Ich denke, nach allen Experimenten mit 10....a6, die
sofortige Rochade ist der beste Zug. Weiß kann mittels Bb5 nichts rausholen, d.
h. Schwarz braucht keine Zeit zu verlieren.} 11. Bb5 (11. Ng5 Bxg5 12. Bxg5 f6
$11 {Efimenko - Sakaev (Kallithea, 2008)}) 11... a6 12. Ba4 (12. Bxc6 Qxc6 13.
Nd4 $6 Qxg2 14. Rhg1 Qd5 15. Nxe6 Qxd2 16. Bxd2 fxe6 17. Rxg7 Bf6 $15) 12...
Bf6 13. Bg5 (13. Nd4 Bd5 $11) 13... Bxg5 14. Qxg5 b5 15. Bb3 f6 16. Bxe6 Qxe6
17. Qf4 (17. Qxg7 Rdg8 18. Qh6 Rxg2 19. Rhe1 Qf5 $11) 17... h5 18. h3 g5 $11 {
Ivanchuk - Kramnik (Moscow, 2008)}) 7... O-O {Persönlich finde ich diese
Variante nicht folgerichtig. Man spielt Russisch, um auszugleichen, dann muss
man auch konsequent durchhalten und die sicherste Fortsetzung wählen - nämlich
den Plan mit der langen Rochade, wo Weiß schon seit Jahren nichts Neues
erfinden kann.} (7... Nc6 $1 {gleicht problemlos aus.} 8. Qd2 Be6 9. O-O-O Qd7
10. Kb1 (10. h4 h6 11. Nd4 {Typischerweise vereinfacht sich das Spiel nach dem
Springertausch, so dass Remis ein 99% Ergebnis ist.} (11. Kb1 O-O-O 12. Nd4
Nxd4 13. Bxd4 Rhg8 14. h5 c5 15. Be3 Qc6 $11 {Adams - Nielsen (Dortmund, 2005)}
) (11. Bb5 a6 12. Ba4 b5 $5 13. Bb3 Bf6 14. Bd5 O-O-O $1 $11 (14... Rb8 15. Kb1
Bxd5 16. Qxd5 $14 Ne7 17. Qd3 Qf5 $11 {Zawadzka - Socko (Karpacz, 2008)}))
11... Nxd4 12. Bxd4 (12. cxd4 d5 $11) 12... Rg8 13. c4 (13. Bd3 c5 14. Be3
O-O-O $11 {Demnächst spielt Schwarz d5.}) 13... O-O-O $11 {Dominguez Perez -
Wang Yue (Linares, 2009)} (13... c5 $6 {In dieser Stellung wäre das ein wenig
zu optimistisch - die weißen Läufer werden viel bessere Positionen einnehmen.}
14. Bc3 O-O-O 15. g3 $1 $14)) (10. Ng5 Bxg5 11. Bxg5 f6 12. Be3 O-O-O $11 {
Der Vorteil des Läuferpaares ist nicht auszunutzen.}) (10. Bb5 a6 11. Ba4 O-O
12. Rhe1 b5 13. Bb3 Na5 $1 (13... Bxb3 14. axb3 a5 15. Qd5 $14 {Karjakin -
Kritz (Gothenburg, 2005)}) 14. Bxe6 fxe6 $132) 10... Bf6 (10... O-O-O $5 11.
Bb5 a6 12. Ba4 Bf6 13. Bd4 Bxd4 14. cxd4 Bd5 $11 {Belov - Belozerov (Tomsk,
2006)}) 11. Be2 (11. Bb5 a6 {Am besten klärt man die weißen Pläne bezüglich
seines weißfeldrigen Läufers.} 12. Ba4 (12. Bxc6 Qxc6 13. Bd4 (13. Nd4 Qxg2 $15
) 13... Bxd4 14. cxd4 (14. Nxd4 Qxg2 $15 {Da Schwarz bald lang rochiert, hat
er nichts zu befürchten, es ist eher Weiß, der sich um Ausgleich Gedanken
machen muss.}) 14... Qd5 15. b3 O-O-O $11) 12... O-O 13. Nd4 Bd5 14. f3 b5 15.
Bb3 Bxb3 16. Nxb3 Qf5 $11 {Es ist nichts von einem möglichen weißen Vorteil zu
sehen.}) (11. h4 h6 $11 {Typische Reaktion - man sollte Weiß nicht zu Ng5
lassen, falls er mit dem Bauern nehmen kann.}) 11... O-O-O 12. Nd4 (12. Ng5
Bxg5 13. Bxg5 f6 $11 {Die Stellung wurde schon hundert mal gespielt, Weiß
verfügt über einen symbolischen Vorteil, Schwarz sollte jedoch problemlos
Remis schaffen.}) 12... Bxd4 $1 {Die beste Fortsetzung, hier hat Weiß
überhaupt keinen Vorteil.} (12... Nxd4 13. Bxd4 Bxd4 14. Qxd4 c5 15. Qf4 d5 16.
Bf3 $36 {Obwohl die Stellung für Schwarz noch im grünen Bereich liegt, hat
Weiß doch gewissen Druck aufbauen können.}) 13. cxd4 (13. Bxd4 f6 14. Be3 $11 {
Man kommt wieder in diese Stellung rein, die sehr remislich ist.}) 13... d5 $11
{Die weißen Läufer hatten keinen Vorteil über die schwarzen Läufer und
Springer in Dominguez Perez - Wang Yue (Sofia, 2009).}) 8. Qd2 Nd7 ({Nach} 8...
Nc6 9. O-O-O {hat Schwarz eigentlich keine Wahl - er muss Ne5 spielen. Nach
dem Partiezug hat Schwarz unterschiedliche Optionen.}) 9. O-O-O Re8 (9... Ne5 {
Das ist die Hauptvariante, in der Schwarz keine großen Schwierigkeiten hat.}
10. h4 (10. Kb1 Re8 (10... a6 11. Be2 Be6 12. Nd4 Nc4 13. Qd3 Nxe3 14. Nxe6
fxe6 15. Qxe3 e5 16. Bd3 $16 {Anand - Kramnik (Monte Carlo, 2005)}) 11. Nd4 a6
12. f4 Ng4 13. Bd3 d5 14. Rhe1 Bh4 15. g3 Nxe3 16. Rxe3 Rxe3 17. Qxe3 Bf6 18.
Nf3 Qe7 19. Qxe7 {1/2-1/2 Svidler - Anand (San Luis, 2005)}) 10... Bg4 (10...
Re8 11. h5 Bf6 12. Kb1 a6 13. Nh2 b5 14. Be2 Bb7 $132 {Svidler - Kramnik 
(Moscow, 2005)}) (10... b6 11. Nd4 Bb7 12. Bg5 Bf6 13. Qf4 Ng6 14. Qf5 Bxg5+
15. hxg5 Re8 16. Qg4 Nf8 17. Bb5 Re4 18. f4 g6 19. Bd3 Re3 20. f5 $16 {Anand -
Alekseev (Dortmund, 2007)}) 11. Be2 Qc8 12. h5 Re8 13. Nxe5 dxe5 14. Bxg4 Qxg4
15. Qd5 Qa4 16. Kb1 Bd6 17. c4 b6 $11 {Jakovenko - Shirov (Moscow, 2007)}) (
9... Nc5 {dieser Zug wird gespielt, wenn Weiß den Läufer auf f4 hat.}) 10. h4
c6 {Das sieht komisch aus. Schwarz verliert Zeit während Weiß am Königsflügel
aufrollt. Besonders gegen Topalov ist das eine gefährliche Strategie.} 11. h5 (
11. c4 Nc5 12. Bd3 $2 {Wie kann man nur daran denken, den Läufer zu geben?!}
Nxd3+ 13. Qxd3 Qa5 14. Bd2 Qf5 15. Bb4 Qxd3 16. cxd3 Bg4 $15 {Korbut - Lahno 
(Kemer, 2007)}) 11... h6 {Schwarz sollte Weiß nicht zu h6 kommen lassen, denn
danach würde sich sein König immer in Gefahr befinden.} (11... Nf6 12. h6 g6
13. Qd4 $5 $14 {und Schwarz kann sich nicht so gut bewegen.}) 12. Kb1 {Ein
gesunder prophylaktischer Zug - der König steht auf b1 immer besser als auf c1.
} Nf6 13. Bd3 {Das Opfer auf h6 hängt in der Luft. Am besten unternimmt
Schwarz dagegen Maßnahmen, bevor da etwas reinfliegt.} Bf8 14. Rdg1 $1 {
Weiß zieht konequent seinen Plan durch: g4-g5-Matt.} Ng4 ({Viel schlechter ist
der andere Versuch, g4 zu verhindern:} 14... Bg4 $2 15. Nh2 Bxh5 16. g4 Bg6 17.
g5 hxg5 18. Bxg5 $16 {und der weiße Angriff ist tödlich.}) 15. Bf4 {Der
einzige Zug.} Qf6 16. Nh2 ({Nichts bringt} 16. Bg3 d5 17. Bh4 Qd6 18. Re1 Bd7
$11 {Wenn Weiß keinen Königsangriff organisieren kann, dann bekommt er auch
keinen Vorteil.}) 16... Nxh2 ({Ein interessanter Versuch ist} 16... Ne5 {
Hier kann Weiß sogar seinen Läufer geben, weil sein Angriff schon sehr weit
voran ist.} 17. g4 Nxd3 18. cxd3 Qe7 19. Be3 (19. g5 $2 hxg5 20. Rxg5 Qe2 $17)
19... Be6 20. g5 $40) 17. Rxh2 Bf5 18. Bxf5 {18.g4 verdient ebenfalls
Betrachtung.} (18. g4 Bxd3 19. cxd3 Qe6 20. Be3 d5 21. g5 hxg5 22. Rxg5 $40)
18... Qxf5 19. g4 Qe4 (19... Qd5 {sieht sehr schief aus...} 20. Qxd5 cxd5 21.
f3 $16) 20. g5 $40 {Es ist offensichtlich, dass Weiß aus der Eröffnung sehr
viel erreicht hat.} hxg5 21. Bxg5 (21. Rxg5 $4 Qe1+ $17) 21... Qe2 $2 {Schwarz
verliert eine Qualität, aber es ist schwer, etwas Besseres vorzuschlagen.} (
21... Re6 22. h6 g6 23. Rh4 Qe2 24. Qxe2 Rxe2 25. h7+ Kh8 26. Be3 $18 {Der
Turm ist gefangen genauso wie in der Partie.}) 22. Qxe2 Rxe2 23. Be3 Rxe3 (
23... Re8 {ändert nichts:} 24. Rh3 d5 25. Kc1 $18) 24. fxe3 $18 {Die Stellung
ist total gewonnen für Weiß, es ist schwer vorzustellen, was passieren sollte,
dass sie noch remislich wird!} Re8 25. Rh3 (25. h6 $5 {gewinnt wohl sofort.} g6
(25... Rxe3 26. hxg7 Bxg7 27. Rhg2 $18) 26. h7+ Kh8 27. Rh3 $18 {Schwarz muss
sich nun auch noch um den Bauer h7 kümmern.}) 25... Re6 26. c4 (26. h6 $1 {
führt zu der oben gezeigten Stellung.} g6 27. h7+ Kh8 28. Kc1 $18) 26... Be7
27. Rf3 $2 {"Show time!" Ganz egal, was die Idee dieses Zuges ist, im Endspiel
mit einem Qualität mehr muss man nichts erfinden! Man sollte die
Hauptprinzipen des Endspiels nicht vergessen - der König gehört ins Zentrum!} (
27. Kc1 $1 {Schwarz kann nichts Besseres machen als aufgeben, nicht mal Bf6
funktioniert.} Bf6 28. h6 g6 29. h7+ Kh8 30. Rf1 $18) 27... Re5 28. Rgf1 $2 {
Wozu? Warum tauscht man den h5-Bauern gegen den Bauern f7? Um Schwarz den
freien g-Bauern zu geben?} (28. h6 {ist auch nicht mehr so gut.} g6 29. h7+
Kxh7 30. Rxf7+ Kg8 31. Rf3 Kg7) (28. Rh3 {ist vielleicht die beste Wahl, um
alles von vorne anzufangen.}) 28... Rxh5 $1 {Wenn man so eine Chance bekommt,
muss man sie nutzen!} (28... f6 $2 29. Rh3 $18) 29. Rxf7 Re5 $16 {Die Stellung
ist immer noch gewonnen, aber Weiss hat seine Aufgabe wesentlich schwerer
gemacht.} 30. R7f3 (30. R1f3 g5 $1 (30... Rxe3 31. Rxg7+ Kxg7 32. Rxe3 $18) 31.
R7f5 Re4 32. b3 Kg7 $132 {und es geht los - die schwarzen Chancen sind nicht
schlechter.}) 30... Bf6 31. c3 $2 {Rätselhaftes Spiel. Der Zug macht überhaupt
keinen Sinn, er bringt Weiß dafür konkrete Probleme.} (31. Kc1 Re4 32. b3 $16 {
/\Kd2-Kd3}) 31... Re4 32. Rxf6 $4 {Man kann es nicht glauben, dass ein
Großmeister mit über 2800 so spielt. Topalov geht in ein remisliches
Turmendspiel über, ohne es zu versuchen, seinen materiellen Vorteil "normal"
zu verwerten.} (32. Rd1 $1 {hält den Bauern und erlaubt Schwarz kein
Gegenspiel.} Re6 (32... Be5 $2 33. b3 g5 34. Kc2 Kg7 35. Rdf1 $18) 33. Kc2 g5
34. Kd3 $16 {Die weiße Stellung ist immernoch nahhezu gewonnen.}) 32... gxf6
33. Rxf6 Rxe3 34. Rxd6 {Auf den ersten Blick sieht das Endspiel remislich aus.
Dass Gelfand es verloren hat, liegt wohl an einem taktischen Fehlgriff.} Kf7
35. Kc2 (35. Rd7+ Re7 36. Rxe7+ Kxe7 $11 {Der weiße Mehrbauer kann nicht
verwertet werden.}) 35... Re2+ 36. Kb3 Ke7 37. Rd4 c5 $1 {Ein Wartezug wäre
ein Fehler:} (37... Rf2 38. c5 Ke6 (38... Rf5 39. Rb4 Rxc5 40. Rxb7+ Kd6 41.
Rxa7 $18) 39. Ra4 a6 40. Rb4 Rf7 41. Rd4 $16 {Weiß hat seine Stellung
wesentlich verbessert.}) 38. Rd3 b6 {Weiß hätte diesen Zug sowieso früher oder
später mittels Rd5 erzwingen können.} 39. Ka3 Rc2 {Der schwarzer König hat
eine ideale Position, er kontrolliert alle Felder - d7 und d8.} 40. Rd5 {
Schwarz befindet sich im Zugzwang.} a5 (40... Rh2 {Ich denke, man konnte das
Remis einfach halten, wenn man an der Stellung nichts ändert.} 41. b4 cxb4+ 42.
cxb4 Rg2 43. Kb3 Rg3+ 44. Ka4 Rg2 45. a3 Rg3 46. c5 bxc5 47. bxc5 Ke6 $11 {
Dieses Endspiel muss Remis sein. Schwarz kann den a-Bauern geben und mit
seinem König zu den weißen Bauern rüberlaufen - damit entsteht eine
theoretische Remisstellung.}) 41. Rd3 Rh2 42. b3 Rc2 43. Ka4 $1 {Die einzige
Chance, die Weiß hat.} Rxa2+ 44. Kb5 Rb2 45. Kxb6 a4 46. Kxc5 Rxb3 $2 ({
Ein einfaches Remis erreichte Schwarz nach} 46... a3 $1 47. Kc6 (47. Rd6 Rxb3
48. Ra6 Rxc3 $11) (47. b4 $4 a2 $19) 47... Rxb3 48. Rd7+ Ke6 $1 {es ist
wichtig, den König im Zentrum zu behalten, um zum a-Bauern laufen zu können.}
49. Ra7 Rxc3 50. c5 Ke5 51. Ra4 Rh3 52. Kb6 Rb3+ 53. Kc7 Kd5 54. c6 Rc3 55.
Ra5+ Kc4 $11) 47. Kc6 a3 48. c5 Ke8 $4 {Nun ist die Stellung forciert verloren!
} (48... a2 49. Rd7+ Ke6 $1 {Ins Zentrum!!} 50. Ra7 Rb2 (50... Rxc3 $4 51. Rxa2
$18 {das ist selbstverständlich verloren.}) 51. Ra4 $1 {Die beste Chance.} (51.
c4 Ke5 52. Kc7 Kd4 53. c6) 51... Rc2 (51... Ke5 $5 52. Kd7 Rh2 53. Kc7 Rh7+ 54.
Kb6 Rh2 55. c6 Kd6 56. Rd4+ Ke5 57. c7 a1=Q 58. c8=Q Qb2+ $11) 52. Kb6 Kd5 $11)
49. Rh3 (49. Rd7 $4 Rxc3 50. Ra7 Kd8 51. Ra8+ Ke7 $11) 49... a2 50. Rh8+ Ke7
51. Ra8 $18 Rb2 52. Kc7 {Schwarz kommt in allen Varianten zu spät.} Rc2 (52...
Ke6 53. c6 Kd5 54. Kd7 $18) 53. c6 Rb2 54. c4 Rc2 55. Ra6 Rb2 56. c5 Ke6 57.
Ra5 Rc2 58. Kb7 Rb2+ 59. Kc8 Ke7 60. c7 Ke8 61. Rxa2 Rxa2 62. Kb7 1-0

[Event "Jermuk FIDE GP"]
[Site "Jermuk"]
[Date "2009.08.13"]
[Round "5"]
[White "Kamsky, Gata"]
[Black "Inarkiev, Ernesto"]
[Result "1-0"]
[WhiteElo "2717"]
[BlackElo "2675"]
[Annotator "Kritz,L"]
[PlyCount "135"]
[EventDate "2009.08.09"]
[EventType "tourn"]
[EventRounds "13"]
[EventCountry "ARM"]
[EventCategory "19"]
[SourceTitle "CBM 132"]
[Source "ChessBase"]
[SourceDate "2009.09.16"]
[SourceVersion "1"]
[SourceVersionDate "2009.09.16"]
[SourceQuality "1"]

1. e4 e5 2. Nf3 Nf6 3. Nxe5 {Die zur Zeit oft gespielte Alternative ist 3.d4} (
3. d4 Nxe4 (3... exd4 4. e5 Ne4 5. Qxd4 $14) 4. Bd3 d5 5. dxe5 {mit
kompliziertem Spiel.}) 3... d6 4. Nf3 Nxe4 5. d4 {Meiner Meinung nach die
einzige Fortsetzung, die Weiß erlaubt, um Vorteil zu kämpfen, überhaupt nichts
bringt 5.Nc3.} (5. Nc3 Nxc3 6. dxc3 Be7 7. Be3 Nc6 8. Qd2 Be6 $1 {Die Variante
mit der langen Rochade ist die sicherste aus der Sicht von Schwarz.} 9. O-O-O
Qd7 10. Ng5 Bxg5 11. Bxg5 f6 12. Be3 O-O-O $11 {Das weiße Läuferpaar hat keine
große Bedeutung, weil die Stellung relativ geschlossen ist.}) 5... d5 6. Bd3
Be7 {Die Hauptvariante. Spielbar ist auch das von Kramnik in Dortmund gewählte
6....Bd6.} (6... Bd6 7. O-O O-O 8. c4 c6 9. Re1 Bf5 10. c5 Bc7 11. Nc3 Nd7 $132
{Naiditsch - Kramnik (Dortmund, 2009)}) 7. O-O Nc6 8. Nc3 {Ich kann mir nicht
vorstellen, dass dieser Zug ernsthaften Vorteil bringen kann. Aber immerhin
führt er zu langem Spiel ohne forcierte Varianten. Alternativen sind 8.c4 und
8.Re1.} (8. c4 Nb4 9. Be2 O-O 10. Nc3 Bf5 11. a3 Nxc3 12. bxc3 Nc6 13. Re1 Re8
14. cxd5 Qxd5 15. Bf4 Rac8 $11 {Das ist die Ausgangsstellung der Hauptvariante,
die bis zum tiefen Endspiel analysiert wurde und es gezeigt wurde, dass
Schwarz sich überall halten kann.}) (8. Re1 $5 {gewinnt mehr an Popularität in
letzter Zeit.} Bg4 9. c4 (9. c3 f5 10. Nbd2 O-O 11. Qb3 Na5 12. Qc2 Nc6 13. b4
a6 14. a4 Bd6 15. Ba3 Kh8 $132 {Morozevich - Gelfand (Yerevan, 2008)}) 9... Nf6
10. Nc3 Bxf3 11. Qxf3 Nxd4 12. Qd1 Ne6 $132 {Weiß hat verschieden
Möglichkeiten, seine Initiative zu entfalten, und ich denke, wir werden in
naher Zukunft einige interessanten Partien in dieser Variante sehen.}) 8...
Nxc3 (8... Bf5 9. Re1 ({Wenig bringt} 9. Qe1 Bb4 10. Qe3 Bxc3 11. bxc3 O-O 12.
Ng5 Re8 13. Nxe4 Bxe4 $11 {Karjakin - Bologan (Dortmund, 2004)}) 9... Nxc3 10.
bxc3 Bxd3 11. Qxd3 O-O 12. Rb1 Na5 13. Qf5 $36 {und Weiß hatte doch eine
kleine Initiative in Cheparinov - Roiz (Kemer, 2007)}) 9. bxc3 Bg4 10. h3 (10.
Re1 O-O 11. Bf4 Bh5 12. Rb1 Rb8 13. h3 Bd6 14. Bxd6 Qxd6 15. Re3 f6 16. Qd2
Rfe8 $11 {Topalov - Kramnik (Nice, 2008)}) (10. Rb1) 10... Bh5 11. Rb1 Rb8 12.
g4 $5 {Eine interessante neue Idee.} (12. Be3 $6 {Solch ein Zug ist eindeutig
zu langsam.} O-O 13. c4 Bg6 14. cxd5 Bxd3 15. Qxd3 Nb4 16. Qb3 Nxd5 17. Bd2 Bf6
18. c4 Ne7 $11 {Sokolov - Fridman (Eppingen, 2006)}) 12... Bg6 13. Ne5 Bxd3 ({
Gutes Spiel hat Weiß nach} 13... Nxe5 $6 14. dxe5 O-O 15. Be3 $1 (15. f4 Bc5+
16. Kg2 Bxd3 17. cxd3 f5 18. d4 Be7 $132) 15... b6 16. f4 f5 (16... Bxd3 17.
Qxd3 Qd7 18. f5 $14) 17. exf6 Bxf6 18. Bxg6 hxg6 19. Qd3 $14) 14. Nxd3 {
Die weiße Idee besteht darin, seine Dame nach f3 zu stellen und Druck gegen
den Bauern d5 auszuüben. Danach kann er entweder mit Nf4, Rb5, oder Bf4
fortfahren.} (14. cxd3 O-O {Weiß hat keinen konkreten Plan, um seine Stellung
zu verstärken.} 15. f4 f6 $11) 14... O-O 15. Qf3 Na5 16. Bf4 (16. Rb5 $2 c6 $11
) (16. Nf4 $6 c6 17. Nh5 g6 $15) 16... Rc8 (16... Re8 $5 {verdient Betrachtung,
weil Weiß mit dem Direktspiel nichts erreicht:} 17. Rb5 $2 c6 18. Bxb8 (18.
Rxa5 Qxa5 19. Bxb8 Rxb8 20. Ne5 Rf8 21. Rb1 Qc7 $15) 18... cxb5 19. Bxa7 $2 b6
20. Re1 Nc6 21. Bxb6 Qxb6 22. Qxd5 Rd8 $17) 17. Rfe1 c6 $11 {Die Stellung ist
doch ausgeglichen, Weiß hat keinen Vorteil bekommen können.} 18. Re2 Bg5 $6 {
Eine Ungenauigkeit.} (18... Re8 $1 19. Rbe1 Nc4 $1 {Schwarz muss das Feld e5
unter Kontrolle nehmen, bevor er Qd7 spielt.} (19... Qd7 $2 20. Ne5 Qe6 21. Nc4
Qxe2 22. Qxe2 Nxc4 $16 {Weiß hat einige technische Probleme, aber die Stellung
ist gewonnen.}) 20. g5 Qd7 21. Qg4 Qxg4+ 22. hxg4 Kf8 $11) 19. Bxg5 Qxg5 20.
Rbe1 $14 {Jetzt hat Weiß schon einen klaren Vorteil dank der Kontrolle der
einzigen offenen Linie. Die weißen Türme wollen auf die siebte Reihe
eindringen, dazu steht der schwarze Springer am Rande des Brettes ziemlich
unglücklich.} f5 (20... Nc4 21. Re7 Nd6 22. Qe2 $14) 21. Qg3 f4 $6 ({Besser
wäre} 21... fxg4 22. hxg4 Nc4 {wobei Weiß auch hier mit großem Vorteil steht:}
23. f4 Qd8 24. Nc5 $16) 22. Qf3 Qd8 {Schwarz muss die Dame evakuieren,
ansonsten kommt Weiß zu materiellen Vorteilen.} (22... Nc4 23. Nc5 Rf7 24. Re8+
Rf8 (24... Rxe8 25. Rxe8+ Rf8 26. Rxf8+ Kxf8 27. Ne6+ $18) 25. R8e7 Rf7 26.
Rxf7 Kxf7 27. Nxb7 $16) 23. Nc5 Rf7 24. Ne6 Qh4 {Schwarz nimmt materielle
Verluste in Kauf.} ({Noch schlechter ist} 24... Qf6 $2 25. Re5 Nc4 26. Rf5 Qg6
27. Rxf7 Qxf7 28. Qxf4 $16) 25. Re5 $6 (25. Nxf4 $5 {gewann einfach einen
Bauern.} Qf6 (25... Rcf8 26. Qg3 Qxg3+ 27. fxg3 $16) 26. Qg3 Nc4 (26... Qxf4 $4
27. Re8+ Rf8 28. Qxf4 $18) 27. Nd3 $16) 25... Nc4 26. Rh5 Qe7 {Das Problem ist,
dass nun der Turm auf e1 hängt und Weiß daher nicht auf f4 nehmen kann.} 27.
Rf5 $1 (27. Re2 Re8 $11) 27... Re8 $2 {Wiederum eine falsche Entscheidung.} (
27... Nd6 $1 28. Rxf7 Qxf7 29. Qxf4 (29. Nxf4 $4 Rf8 $19) 29... Ne4 30. Qxf7+
Kxf7 31. Nc5 Nxc5 32. dxc5 b6 $14 {Das Endspiel ist etwas besser für Weiß,
jedoch hat Schwarz gute Chancen, Remis zu machen, weil die weiße Bauerstruktur
sehr kompromittiert ist.}) 28. Qxf4 Rf6 (28... Nd6 29. Rxf7 Nxf7 30. Re3 $16)
29. Rxf6 Qxf6 30. Qxf6 gxf6 31. f4 ({Ein grober Fehler wäre} 31. Kf1 $4 Kf7 $1
32. Nf4 Nd2+ $19) 31... Na3 {Schwarz gewinnt den Bauern zurück, doch Weiß hat
bessere Aussichten dank dem superstarken Springer.} 32. f5 Nxc2 33. Re2 Na3 34.
Kf2 {Im Endspiel muss man den König ins Zentrum bringen.} Nb5 35. Re3 Nd6 (
35... Re7 36. Kf3 Kf7 {Die Idee, den Springertausch vorzubereiten,
funktioniert nicht:} 37. Kf4 Nc7 $2 38. Nd8+ Ke8 39. Rxe7+ Kxe7 40. Nxb7 $18)
36. Kf3 Kf7 (36... Ne4 $6 {erlaubt Weiß im weiteren Spielverlauf, c4 zu
spielen.} 37. Kf4 Kf7 38. h4 h6 39. c4 $14) 37. Kf4 h6 38. h4 Rh8 {Schwarz
hält sich, aber seine Stellung ist äußerst unangenehm.} 39. Re1 b6 40. a4 a5
41. Re2 Re8 42. Rb2 Nc4 43. Rh2 Rh8 44. Re2 Nd6 45. Re1 {Diese Stellung haben
wir schon gesehen, nur war Weiß am Zug. Schwarz gerät in so was wie Zugzwang.}
Re8 46. Rb1 b5 ({Hier kann man} 46... Nc4 {nicht spielen, wie im 42. Zug, weil
Weiß den Vorstoß} 47. g5 $1 {hat.} hxg5+ 48. hxg5 fxg5+ 49. Nxg5+ Kf6 50. Rh1
$18) 47. Ra1 {Schwarz hat nun eine weitere Schwäche - den Bauern a5.} bxa4 48.
Rxa4 Ra8 49. Nc5 Ra7 50. Ra1 Nb5 $2 (50... Ra8 $5 {Vermutlich konnte Schwarz
sich halten, wenn er 50....Ra8 gespielt hätte.}) 51. g5 $1 {Die weißen Figuren
dringen nun in das schwarze Lager ein.} hxg5+ 52. hxg5 fxg5+ 53. Kxg5 Nxc3 54.
Rh1 Kg8 55. f6 $18 {Schwarz ist verloren.} Rh7 (55... Ne4+ 56. Nxe4 dxe4 57.
Kg6 a4 58. Rb1 Ra8 59. Rb7 a3 60. Rg7+ Kf8 61. Rh7 Kg8 62. f7+ Kf8 63. Rh8+ $18
) 56. Re1 Ne4+ 57. Kg6 Ra7 58. Nxe4 dxe4 59. Rxe4 Kf8 60. Rh4 Kg8 61. Rh1 Rb7
62. d5 c5 63. d6 c4 64. Rd1 Rd7 65. Rb1 Rd8 66. Rb7 c3 67. Rg7+ Kf8 68. Rh7 1-0